000 00418nam a2200181Ia 4500
003 OSt
005 20260505155020.0
008 250729s2011 xx 000 0 und d
040 _cAL
041 _akan
082 _a494.52 RDJB
100 _aR.D.J
_9231067
245 _aBasavanna vachanagalu
260 _aBangalore
_bswapna Book House
_c2011
300 _a60p
650 _aKannada
_9231068
942 _2ddc
_cBED
999 _c239096
_d239096